| 000 | 00807nam a2200241 a 4500 | ||
|---|---|---|---|
| 001 | 000041212 | ||
| 003 | DO-SdBNP | ||
| 005 | 20220217124705.0 | ||
| 007 | ta | ||
| 008 | 130926s2003 dr 000 0 spa d | ||
| 020 | _a9993488143 | ||
| 040 |
_aDO-SdBNP _bspa _cBNPHU |
||
| 082 | 4 |
_a346.08211 _bR457a 2003 _222 |
|
| 100 | 1 |
_aReyes Sánchez, Miguel, _d1966- _92285 |
|
| 245 | 1 | 3 |
_aLa Autonomía legal de los bancos centrales : _bestudio comparativo de las legislaciones de los bancos centrales de Iberoamérica / _cMiguel Reyes Sánchez. |
| 250 | _a2a ed. | ||
| 260 |
_aSanto Domingo : _bCumbre, _c2003. |
||
| 300 |
_a753 p. ; _c23 cm. |
||
| 504 | _aBibliografía : p. 721-753 | ||
| 650 | 4 |
_aBanco centrales _zAmérica Latina _967785 |
|
| 650 | 4 |
_aBanco centrales _xLegislación _967786 |
|
| 942 |
_2ddc _cLBS1 |
||
| 999 |
_c40702 _d40702 |
||